000 00485pab a2200169 454500
008 180718b2003 xxu||||| |||| 00| 0 eng d
100 _aCassetti, Mario
245 _aBargaining power, effective demand and technical progress: a Kaleckian model of growth
260 _c2003
300 _ap.449-64.
362 _aMay
650 _aScientific innovations
650 _aIncome distribution
650 _aEconomic growth
773 _aCambridge Journal of Economics
909 _a60876
999 _c60876
_d60876